Word Ladder: June 14th, 1846 Quiz Stats

 Plays Quiz Updated Jun 14, 2017

Support Sporcle.
Go Orange.
Score 0/10 Timer 01:00
0 Plays Today
Hint 4-letter word % Correct
Sitcom: ____ '70s ShowTHAT
97.5%
ApplaudCLAP
96.7%
Casual conversationCHAT
95.5%
British fellowCHAP
93.9%
Tribe, familyCLAN
91.2%
Eyedrop?TEAR
80%
Open pastry or sponge cake, or crème caramelFLAN
80%
Milk dispenserTEAT
79.8%
American settlers proclaim the short-lived California Republic in the ____ [Last rung] Revolt against Mexico• BEAR •
37.8%
American settlers proclaim the short-lived California Republic in the [First rung] ____ Revolt against Mexico• FLAG •
36.4%

Today's Daily Dose

You're not logged in!

Compare scores with friends on all Sporcle quizzes.
OR
Log In
Forgot?

From the Vault

Arabic Speaking Countries

by Jam1

Any country that includes 'Arab' in their name might be a good place to start.
Remove Ads.
Support Sporcle.
Get the best of Sporcle when you Go Orange. This ad-free experience offers more features, more stats, and more fun while also helping to support Sporcle. Thank you for becoming a member.

Show Comments

Extras

Top Quizzes Today


Score Distribution

Your Account Isn't Verified!

In order to create a playlist on Sporcle, you need to verify the email address you used during registration. Go to your Sporcle Settings to finish the process.

Report this User

Report this user for behavior that violates our Community Guidelines.

Details: